[Event "AUTO-OPEN-1491"]
[Site "http://www.queenalice.com/game.php?id=562471"]
[Date "2009.3.27"]
[Round "1"]
[White "kfe"]
[Black "talisman77"]
[Result "1-0"]
[WhiteElo "1667"]
[BlackElo "1976"]

1. e4 Nc6 2. d4 e6 3. d5 Ne5 4. dxe6 dxe6 5. Qxd8+ Kxd8 6. Bf4 Bd6 7. Nc3 Nf6 8.
Bg5 Be7 9. O-O-O+ Bd7 10. f4 Nc6 11. e5 Nh5 12. Be2 Nxf4 13. Bxf4 Ke8 14. Nf3
Rd8 15. Nb5 Rc8 16. Nfd4 Nxd4 17. Nxd4 Rd8 18. Nb5 c6 19. Nc3 Bc5 20. Na4 Be7
21. Rd3 g6 22. Be3 b6 23. Rhd1 h5 24. Nc3 c5 25. R3d2 Rf8 26. Nb5 1-0

[Event "AUTO-OPEN-1491"]
[Site "http://www.queenalice.com/game.php?id=562472"]
[Date "2009.3.27"]
[Round "1"]
[White "talisman77"]
[Black "kfe"]
[Result "1-0"]
[WhiteElo "1997"]
[BlackElo "1697"]

1. d4 e6 2. c4 c5 3. Nf3 Nc6 4. Nc3 cxd4 5. Nxd4 Bb4 6. Nxc6 bxc6 7. Qb3 Rb8 8.
Bd2 d5 9. e3 d4 10. Qa4 dxc3 11. bxc3 Ba5 12. Be2 Rb2 13. Rd1 Rb7 14. O-O Bc7
15. Qxc6+ Kf8 16. Bc1 Qe7 17. Qa6 Be5 18. Ba3 Qxa3 19. Qxa3+ Ne7 20. Rd8# 1-0

[Event "AUTO-OPEN-1491"]
[Site "http://www.queenalice.com/game.php?id=562473"]
[Date "2009.3.27"]
[Round "1"]
[White "kfe"]
[Black "erivaldoadao"]
[Result "1-0"]
[WhiteElo "1783"]
[BlackElo "1619"]

1. e4 c5 2. d3 Nc6 3. Nd2 e5 4. Ngf3 Nf6 5. Nc4 Be7 6. Ncxe5 O-O 7. Be2 Nxe5 8.
Nxe5 d6 9. Nf3 b5 10. d4 cxd4 11. Nxd4 Bb7 12. O-O Bxe4 13. Nxb5 a6 14. Nd4 Nd7
15. c3 Bf6 16. Nc6 Bxc6 17. Qxd6 Nb8 18. Qg3 g6 19. Bf4 Nd7 20. Bf3 Bxf3 21.
Qxf3 Be5 22. Bxe5 Nxe5 23. Qh3 Qd3 24. Qxd3 Nxd3 25. b4 Rfc8 26. Rad1 Nb2 27.
Rc1 Na4 28. c4 Nb2 29. c5 Nd3 30. Rc4 a5 31. Rd4 Nxb4 32. Rc4 Nxa2 33. Rd1 Rd8
34. Rxd8+ Rxd8 35. g3 Rc8 36. Ra4 Nc1 37. Rxa5 Ne2+ 38. Kf1 Nc3 39. f3 Nd5 40.
c6 Ne3+ 41. Ke2 Nc4 42. Rc5 Nd6 43. Kd3 Nf5 44. Ke4 Nd6+ 45. Ke5 Nf5 46. Kd5
Ne3+ 47. Kd6 Nf5+ 48. Kd7 Rxc6 49. Rxc6 Nd4 50. Rc3 Kg7 51. Re3 Nf5 52. Re5 Kf6
53. f4 Nd4 54. Ke8 Nf3 55. Re7 h5 56. Rxf7+ Ke6 57. h4 Nd4 58. Kf8 Nf5 59. Rg7
Nxg7 60. Kxg7 Kf5 61. Kh6 Kg4 62. Kxg6 1-0

[Event "AUTO-OPEN-1491"]
[Site "http://www.queenalice.com/game.php?id=562474"]
[Date "2009.3.27"]
[Round "1"]
[White "erivaldoadao"]
[Black "kfe"]
[Result "0-1"]
[WhiteElo "1570"]
[BlackElo "1711"]

1. e4 e5 2. Nf3 d6 3. Bc4 Nf6 4. O-O Nxe4 5. d4 Bg4 6. Bxf7+ Kxf7 7. Qd3 Bxf3 8.
gxf3 Ng5 9. Bxg5 Qxg5+ 10. Kh1 exd4 11. Rg1 Qe5 12. Nd2 d5 13. Rae1 Qh5 14. Qxd4
Bd6 15. h4 g6 16. Rg2 Nc6 17. Qg4 Qxg4 18. Rxg4 Rae8 19. Rxe8 Rxe8 20. c4 d4 21.
Ne4 d3 22. Nxd6+ cxd6 0-1

[Event "AUTO-ADV-1269"]
[Site "http://www.queenalice.com/game.php?id=562642"]
[Date "2009.3.27"]
[Round "1"]
[White "husicam"]
[Black "kfe"]
[Result "1-0"]
[WhiteElo "1697"]
[BlackElo "1701"]

1. e4 e5 2. c3 d6 3. Be2 Qg5 4. g3 Nf6 5. d3 Qg6 6. Nf3 Bg4 7. Nh4 Qh5 8. f3 Be6
9. Be3 h6 10. Bf2 d5 11. f4 Ng4 12. h3 exf4 13. hxg4 Qg5 14. Nf3 Qxg4 15. Ne5
Qg5 16. d4 fxg3 17. Qa4+ c6 18. Bg1 dxe4 19. Nd2 Bd5 20. c4 Be6 21. Nxe4 Qf4 22.
Bf3 Bd6 23. Qb3 Bxe5 24. dxe5 O-O 25. Qe3 Qxe5 26. O-O-O Bxc4 27. Rh5 Qe6 28. b3
Bb5 29. Rd6 Qe7 30. Qc5 Na6 31. Qe5 Qc7 32. a4 Rfe8 33. Qxg3 Be2 34. Nf6+ Kh8
35. Nxe8 Rxe8 36. Bxe2 Rxe2 37. Bd4 f6 38. Rh2 Re8 39. Bxf6 Re1+ 40. Kd2 Qa5+
41. Bc3 Nb4 42. Qxg7# 1-0

[Event "AUTO-ADV-1269"]
[Site "http://www.queenalice.com/game.php?id=562643"]
[Date "2009.3.27"]
[Round "1"]
[White "kfe"]
[Black "husicam"]
[Result "1-0"]
[WhiteElo "1695"]
[BlackElo "1693"]

1. e4 c5 2. d3 d5 3. Nc3 d4 4. Na4 Qa5+ 5. Nc3 dxc3 6. bxc3 Qxc3+ 7. Bd2 Qf6 8.
Nf3 g6 9. c3 e5 10. c4 h6 11. Bc3 Nc6 12. Be2 g5 13. Qc2 g4 14. Nd2 Nd4 15. Qb2
Nxe2 16. Bxe5 Qd8 17. Bxh8 Qxd3 18. Nb3 Qxe4 19. Qxe2 Qxe2+ 20. Kxe2 f6 21. Rhe1
Kf7 22. Kf1 Be6 23. Rad1 Ne7 24. Rxe6 Kxe6 25. Nxc5+ Kf7 26. Ne4 Ng8 27. Nd6+
Bxd6 28. Rxd6 Ke7 29. Rd4 Rc8 30. Rxg4 Kf7 31. Rg7+ Ke6 32. Rxb7 Ne7 33. Rxa7
Rxh8 34. g4 h5 35. h3 hxg4 36. hxg4 Rh4 37. f3 f5 38. g5 Rxc4 39. Kg2 f4 40. Kh3
Ng6 41. Kg4 Ne5+ 42. Kh5 Nxf3 43. g6 Rc5+ 44. Kh6 Rc8 45. g7 Ne5 46. Ra6+ Kf7
47. Kh7 Nd7 48. Ra7 Ke6 49. g8=Q+ Rxg8 50. Kxg8 f3 51. Ra6+ Kf5 52. Ra3 Ne5 53.
Rb3 Ke4 54. Rb1 Nd3 55. a4 f2 56. Rf1 Ke3 57. a5 Ke2 58. Rh1 f1=Q 59. Rxf1 Kxf1
60. a6 Nb4 61. a7 Nc6 62. a8=Q Ne7+ 63. Kf7 Nd5 64. Qxd5 1-0

[Event "AUTO-ADV-1269"]
[Site "http://www.queenalice.com/game.php?id=562656"]
[Date "2009.3.27"]
[Round "1"]
[White "MsDayton"]
[Black "kfe"]
[Result "1-0"]
[WhiteElo "1769"]
[BlackElo "1699"]

1. e4 e5 2. Nf3 Nc6 3. Bb5 Nf6 4. O-O Nxe4 5. Re1 d5 6. Nxe5 Bd7 7. Nxc6 bxc6 8.
Ba4 Qf6 9. d3 Qxf2+ 10. Kh1 Bd6 11. dxe4 Bh3 12. exd5+ Kd8 13. Rg1 Re8 14. Qf3
Bc5 15. Qxf2 Bxf2 16. Rf1 Bf5 17. Bxc6 Re1 18. Rxe1 Bxe1 19. Bxa8 Bxc2 20. Nc3
f5 21. Bg5+ 1-0

[Event "AUTO-ADV-1269"]
[Site "http://www.queenalice.com/game.php?id=562657"]
[Date "2009.3.27"]
[Round "1"]
[White "kfe"]
[Black "MsDayton"]
[Result "0-1"]
[WhiteElo "1714"]
[BlackElo "1869"]

1. d4 Nf6 2. Nc3 g6 3. e4 d6 4. Nf3 Bg7 5. Ng5 h6 6. e5 dxe5 7. Nf3 exd4 8. Nxd4
e5 9. Nf3 Qxd1+ 10. Nxd1 e4 11. Nd2 O-O 12. Nc3 Re8 13. Be2 b6 14. O-O Bb7 15.
Re1 e3 16. fxe3 Rxe3 17. Nc4 Re8 18. Bf4 Na6 19. Ne5 Nc5 20. Bc4 Ne6 21. Nb5
Rac8 22. Nxa7 Ra8 23. Nb5 Nxf4 24. Bxf7+ Kh7 25. Nxc7 Rxe5 26. Rxe5 Rc8 27. Re7
N6d5 28. Nxd5 Nxd5 29. Rxb7 Nf4 30. Rxb6 Rxc2 31. Rd1 Rxg2+ 32. Kh1 Bxb2 33.
Bxg6+ Rxg6 34. Rxb2 h5 35. a4 Nh3 36. a5 Rf6 37. Ra1 Nf2+ 38. Rxf2 Rxf2 39. a6
Rf8 40. Ra5 Kh6 41. a7 Ra8 42. Ra6+ Kg5 43. Kg2 Kg4 44. h3+ Kf4 45. Ra5 h4 46.
Ra4+ Ke3 47. Rxh4 Rxa7 48. Rh5 Rg7+ 49. Kh2 Kf4 50. Rh4+ Kf3 51. Rh5 Rg2+ 52.
Kh1 Re2 53. h4 Kg3 54. Rh6 Re1# 0-1

[Event "AUTO-ADV-1269"]
[Site "http://www.queenalice.com/game.php?id=562664"]
[Date "2009.3.27"]
[Round "1"]
[White "BRANDAO"]
[Black "kfe"]
[Result "0-1"]
[WhiteElo "1836"]
[BlackElo "1774"]

1. d4 e6 2. c4 d5 3. Nc3 dxc4 4. e4 Bb4 5. Bxc4 c5 6. Ne2 cxd4 7. Nxd4 Nf6 8.
Bg5 Bxc3+ 9. bxc3 Qa5 10. O-O Nxe4 11. Nb3 Qb6 12. Be3 Qc7 13. Qd3 Nf6 14. Bg5
Ng4 15. g3 Ne5 16. Bf4 Nf3+ 17. Kg2 Ne5 18. Bxe5 Qxe5 19. Rad1 O-O 20. Rfe1 Qc7
21. Nd4 Bd7 22. Nf3 Rd8 23. Ne5 Bc6+ 24. Nxc6 Rxd3 25. Rxd3 Nxc6 26. Red1 Ne5
27. Rd4 Nxc4 28. Rd7 Qb6 29. a4 h6 30. Re7 Ne5 31. f4 Ng4 32. Rdd7 Rd8 33. Rxb7
Qf2+ 34. Kh3 h5 35. Kh4 Qxh2+ 36. Kg5 Rd5+ 37. f5 Rxf5# 0-1

[Event "AUTO-ADV-1269"]
[Site "http://www.queenalice.com/game.php?id=562665"]
[Date "2009.3.27"]
[Round "1"]
[White "kfe"]
[Black "BRANDAO"]
[Result "0-1"]
[WhiteElo "1789"]
[BlackElo "1802"]

1. d3 d5 2. Nc3 e5 3. Nf3 Nc6 4. d4 e4 5. Ne5 Nxe5 6. dxe5 c6 7. f3 Bf5 8. e3
Bb4 9. a3 Ba5 10. f4 h5 11. h4 Bxc3+ 12. bxc3 Qa5 13. Bd2 O-O-O 14. Qc1 f6 15.
Qb2 Ne7 16. Rb1 Rd7 17. c4 Qc7 18. a4 Rhd8 19. Rd1 Bg4 20. exf6 Bxd1 21. Kxd1
dxc4 22. Qc3 gxf6 23. Bxc4 Nd5 24. Bxd5 Rxd5 25. Kc1 Rxd2 26. Qxf6 Qa5 27. Qe6+
Kb8 28. Qxe4 Qc3 29. Qe5+ Qxe5 30. fxe5 Rxg2 31. Rf1 Rdd2 32. e6 Rxc2+ 33. Kd1
Ra2 34. Rf8+ Kc7 0-1

[Event "AUTO-OPEN-1491"]
[Site "http://www.queenalice.com/game.php?id=614499"]
[Date "2009.7.7"]
[Round "2"]
[White "kfe"]
[Black "drd123"]
[Result "0-1"]
[WhiteElo "1775"]
[BlackElo "2092"]

1. e4 e5 2. Nf3 Nc6 3. Nc3 Nf6 4. d3 h6 5. Nh4 d6 6. h3 Nxe4 7. dxe4 Qxh4 8. Nd5
Qxe4+ 9. Ne3 Qg6 10. Nd5 Kd8 11. Bd3 Bf5 0-1

[Event "AUTO-INT-1251"]
[Site "http://www.queenalice.com/game.php?id=703333"]
[Date "2009.12.25"]
[Round "2"]
[White "kfe"]
[Black "neromann"]
[Result "0-1"]
[WhiteElo "1773"]
[BlackElo "2157"]

1. e4 c5 2. Bc4 Nc6 3. d3 Nf6 4. Nf3 d6 5. Bb5 Bd7 6. c3 g6 7. Qb3 Bg7 8. Ng5
O-O 9. Bc4 e6 10. O-O Na5 11. Qd1 Nxc4 12. dxc4 h6 13. Nh3 Nxe4 14. Re1 Bc6 15.
Qg4 Nf6 16. Qh4 Nh5 17. Qxd8 Raxd8 18. Be3 b6 19. Na3 Rd7 20. Rad1 d5 21. cxd5
exd5 22. c4 d4 23. Bc1 d3 24. Re3 Rfd8 25. b3 d2 26. Bxd2 Rxd2 27. Rde1 g5 28.
Nb1 Rd1 29. Nc3 Bxc3 30. g3 Bxe1 0-1

[Event "AUTO-INT-1251"]
[Site "http://www.queenalice.com/game.php?id=703334"]
[Date "2009.12.25"]
[Round "2"]
[White "neromann"]
[Black "kfe"]
[Result "1-0"]
[WhiteElo "2156"]
[BlackElo "1741"]

1. d4 e6 2. c4 c5 3. d5 exd5 4. cxd5 d6 5. Nc3 h6 6. e4 Nf6 7. Bd3 Qb6 8. h3 h5
9. Nf3 Nbd7 10. Bf4 Qxb2 11. Nb5 Nxe4 12. O-O Nc3 13. Qe1+ Kd8 14. Nxc3 Be7 15.
Rb1 Qa3 16. Qd2 Rh6 17. Rb3 Qa5 18. Bxh6 gxh6 19. Qxh6 Nf6 20. Ng5 Bd7 21. Nxf7+
Kc7 22. Re1 Nxd5 23. Rxe7 Nxe7 24. Qxd6+ Kc8 25. Qxe7 Qc7 26. Qf8+ 1-0

[Event "AUTO-INT-1251"]
[Site "http://www.queenalice.com/game.php?id=703335"]
[Date "2009.12.25"]
[Round "2"]
[White "kfe"]
[Black "bm2099"]
[Result "0-1"]
[WhiteElo "1769"]
[BlackElo "1476"]

1. e4 d5 2. e5 e6 3. d4 Nc6 4. Bb5 Ne7 5. Bg5 Bd7 6. c4 h6 7. Qh5 Nxd4 8. Bxd7+
Qxd7 9. Be3 Nc2+ 10. Kd2 Nxa1 11. Na3 dxc4+ 12. Ke1 O-O-O 13. Ne2 Qd1# 0-1

[Event "AUTO-INT-1251"]
[Site "http://www.queenalice.com/game.php?id=703336"]
[Date "2009.12.25"]
[Round "2"]
[White "bm2099"]
[Black "kfe"]
[Result "0-1"]
[WhiteElo "1504"]
[BlackElo "1771"]

1. d4 d5 2. Nc3 c6 3. Bf4 e6 4. Nf3 Bb4 5. a3 Bxc3+ 6. bxc3 Qf6 7. Be5 Qg6 8.
Nh4 Qe4 9. Bxg7 Qxh4 10. Bxh8 f6 11. g3 Qh6 12. e3 Qg6 13. c4 Nh6 14. Bd3 Qf7
15. cxd5 exd5 16. Qf3 Nd7 17. c4 dxc4 0-1

[Event "Challenge"]
[Site "http://www.queenalice.com/game.php?id=709151"]
[Date "2010.1.6"]
[Round "-"]
[White "kfe"]
[Black "Lord_Lelis"]
[Result "0-1"]
[WhiteElo "1788"]
[BlackElo "1649"]

1. e4 e6 2. d4 d5 3. e5 c5 4. Bb5+ Nd7 5. dxc5 Bxc5 6. Nd2 Nh6 7. Qh5 Nf5 8. Qg4
O-O 9. Bd3 Nxe5 10. Qe2 Nxd3+ 11. Qxd3 Qg5 12. Nb3 Qxg2 13. Nxc5 Qxh1 14. Qf1 b6
15. Nd3 Ba6 16. Bf4 Qe4+ 17. Ne2 Rac8 18. f3 Qa4 19. b3 Qb5 20. a4 Qd7 21. Rc1
Bxd3 22. cxd3 f6 23. Qf2 e5 24. Bd2 Rxc1+ 25. Bxc1 Rc8 26. f4 exf4 27. Qxf4 Qe6
28. d4 Nxd4 29. Qxd4 Rxc1+ 30. Kd2 Rh1 31. Nf4 Qe1+ 32. Kc2 Rxh2+ 33. Kd3 Qd2#
0-1

[Event "Challenge"]
[Site "http://www.queenalice.com/game.php?id=709152"]
[Date "2010.1.6"]
[Round "-"]
[White "Lord_Lelis"]
[Black "kfe"]
[Result "0-1"]
[WhiteElo "1674"]
[BlackElo "1739"]

1. e4 e5 2. Nf3 d6 3. c3 Nf6 4. Be2 Nxe4 5. Qa4+ Nd7 6. Qxe4 Nf6 7. Qc2 e4 8.
Nd4 d5 9. d3 Qd6 10. O-O Ng4 11. Bxg4 Bxg4 12. dxe4 c6 13. exd5 Qxd5 14. Re1+
Be7 15. Be3 O-O 16. Nd2 Bd6 17. Qb3 Qh5 18. Qxb7 Qxh2+ 19. Kf1 Qh1# 0-1

[Event "Challenge4"]
[Site "http://www.queenalice.com/game.php?id=712718"]
[Date "2010.1.12"]
[Round "-"]
[White "kfe"]
[Black "jorm"]
[Result "1-0"]
[WhiteElo "1752"]
[BlackElo "1874"]

1. e4 c5 2. d3 e5 3. Nf3 d6 4. Nc3 h6 5. Nd5 Ne7 6. c4 Nxd5 7. cxd5 Bd7 8. b3
Na6 9. Be3 b5 10. a4 Qa5+ 11. Bd2 b4 12. Nh4 g6 13. Be2 Be7 14. Nf3 f5 15. exf5
Bxf5 16. Qc1 e4 17. dxe4 Bxe4 18. Bxh6 Bxd5 19. Bb5+ Kd8 20. O-O Bxf3 21. gxf3
Rg8 22. Qf4 Nc7 23. Bc6 Rb8 24. Qg4 Ne6 25. Qxe6 Kc7 26. Qd7+ Kb6 27. Bb5 Rgc8
28. Qxe7 a6 29. Qxd6+ Kb7 30. Bc4 Rc7 31. Rfe1 Qb6 32. Qxb6+ Kxb6 33. Bf4 1-0

[Event "Challenge"]
[Site "http://www.queenalice.com/game.php?id=729868"]
[Date "2010.2.11"]
[Round "-"]
[White "pablonet"]
[Black "kfe"]
[Result "1-0"]
[WhiteElo "1739"]
[BlackElo "1766"]

1. e4 e5 2. Nf3 d6 3. Nc3 Bg4 4. h3 Bxf3 5. Qxf3 Nc6 6. Bb5 Ne7 7. Nd5 a6 8.
Bxc6+ Nxc6 9. c3 Ne7 10. d4 Nxd5 11. exd5 exd4 12. Qe4+ Qe7 13. Qxe7+ Bxe7 14.
O-O dxc3 15. bxc3 O-O 16. Re1 Bf6 17. Bd2 Rac8 18. c4 c6 19. Rab1 cxd5 20. cxd5
b5 21. Bb4 Rfd8 22. Rbc1 Be7 23. Rxc8 Rxc8 24. Rxe7 h6 25. Bxd6 Rd8 26. Bb4 Rxd5
27. f3 Rd4 28. a3 Rd1+ 29. Kh2 Ra1 30. Ra7 Ra2 31. Rxa6 Re2 32. Rb6 Re5 33. f4
Re4 34. Kg3 f6 35. Rxb5 1-0

[Event "Challenge"]
[Site "http://www.queenalice.com/game.php?id=729869"]
[Date "2010.2.11"]
[Round "-"]
[White "kfe"]
[Black "pablonet"]
[Result "0-1"]
[WhiteElo "1749"]
[BlackElo "1756"]

1. e4 e5 2. Nf3 Nc6 3. Bb5 a6 4. Bxc6 dxc6 5. Nxe5 Qd4 6. Qh5 g6 7. Qg5 Qxe4+ 8.
Qe3 Qxe3+ 9. dxe3 Bd6 10. Nc4 Be6 11. Nbd2 Nf6 12. O-O O-O-O 13. h3 Rhe8 14. b3
Bf5 15. Nxd6+ cxd6 16. Bb2 Nd5 17. c4 Nb4 18. Bf6 Rd7 19. Rfc1 Re6 20. Bb2 Nd3
21. Bc3 Nxc1 22. Rxc1 Re8 23. Ba5 Re5 24. Bb6 c5 25. f4 Re6 26. Re1 Bd3 27. a3
d5 28. Bxc5 Rc6 29. Bd4 dxc4 30. bxc4 Bxc4 31. Nxc4 Rxc4 32. Kh2 b5 0-1

[Event "Challenge"]
[Site "http://www.queenalice.com/game.php?id=731493"]
[Date "2010.2.13"]
[Round "-"]
[White "ORNELAS"]
[Black "kfe"]
[Result "0-1"]
[WhiteElo "1668"]
[BlackElo "1776"]

1. d4 e6 2. Nf3 d6 3. Bg5 f6 4. Bh4 g5 5. Bg3 f5 6. e3 h5 7. d5 h4 8. Bxh4 gxh4
9. h3 Nf6 10. Nc3 Ne4 11. Nxe4 fxe4 12. Nh2 Qg5 13. c4 exd5 14. cxd5 Bg7 15. Rb1
Nd7 16. b3 b6 17. Rg1 Bc3+ 18. Ke2 Ba6+ 19. Qd3 Bxd3+ 20. Kd1 Bxb1 21. Bb5 Qxd5+
22. Kc1 Qd2+ 23. Kxb1 Qb2# 0-1